power and choice (Record no. 4611)

000 -LEADER
fixed length control field 00458nam a22001577a 4500
008 - FIXED-LENGTH DATA ELEMENTS--GENERAL INFORMATION
fixed length control field 161121b xxu||||| |||| 00| 0 eng d
020 ## - INTERNATIONAL STANDARD BOOK NUMBER
International Standard Book Number 978-007-126791-5
082 ## - DEWEY DECIMAL CLASSIFICATION NUMBER
Classification number 320 SHI
100 ## - MAIN ENTRY--PERSONAL NAME
Personal name SHIVELY, Phillip W.
245 ## - TITLE STATEMENT
Title power and choice
Remainder of title An introduction to political
Statement of responsibility, etc. W Phillips Shievely
Medium English
250 ## - EDITION STATEMENT
Edition statement 12th ed
260 ## - PUBLICATION, DISTRIBUTION, ETC. (IMPRINT)
Place of publication, distribution, etc. New york
Name of publisher, distributor, etc. Mc Graw Hill
Date of publication, distribution, etc. 2011
300 ## - PHYSICAL DESCRIPTION
Extent 443p.
Other physical details Ili.
Dimensions 24cm
650 ## - SUBJECT ADDED ENTRY--TOPICAL TERM
Source of heading or term Political science
942 ## - ADDED ENTRY ELEMENTS (KOHA)
Source of classification or shelving scheme
Koha item type BOOKS

No items available.

IRDP © 2019 :: Managed by IRDP ICT Unit